00370nam a2200121Ia 4500008004100000245002800041245001500069260000900084650001200093856005100105999001900156952007300175171211s9999 xx 000 0 und d 4aThe Sketchnote Handbook cMike Rohde c2013 xDrawing uhttp://down.ebook777.com/008/9780321857897.pdf c348004d348004 001040aCLbCLd2017-12-11l0r2017-12-11 00:00:00w2017-12-11yCBE